000 00759cam a2200241 a 4500
001 000002128
003 DO-SdBNP
005 20251028142303.0
008 781129s1973 ve b 000 0 spa
040 _aDO-SdBNP
_bspa
_cBNPHU
082 _a910.92
_bV455v
100 1 _aVenegas Filardo, Pascual,
_d1911-
_96819
245 1 0 _aViajeros a Venezuela :
_ben los siglos XIX y XX /
_cPascual Venegas Filardo.
260 _aCaracas :
_bMonte Ávila,
_c1973.
300 _a204 p. ;
_c23 cm.
490 1 _aTemas venezolanos
504 _aBibliografía: p. 201-204.
650 4 _aGeógrafos
_zVenezuela
_96820
650 4 _aViajeros
_zVenezuela
_96821
651 0 _aVenezuela
_xDescripción y viajes
_926230
830 0 _aTemas venezolanos.
_96823
942 _2ddc
_cLBS1
999 _c1980
_d1980